000 00341nam a2200133 i 4500
001 bg
100 1 _aWanik, A.
245 1 0 _aKomputerowa metoda obliczeń płaszczowo-rurowych wymienników ciepła /
_cA. Wanik.
260 _aWrocław,
_c1987.
040 _cBPK
041 _apol
942 _cKS
008 s pl f |000 0 pol
999 _c28537
_d28537
856 _uhttp://koha.tu.koszalin.pl/cgi-bin/koha/opac-detail.pl?biblionumber=28537
_yKatalog online BPK